| 000 | 01056cam a2200301 a 4500 | ||
|---|---|---|---|
| 999 |
_c330744 _d330744 |
||
| 001 | 12518163 | ||
| 003 | NUST | ||
| 005 | 20180116122433.0 | ||
| 008 | 010716s2001 pk ab 001 0 eng | ||
| 010 | _a 2001288025 | ||
| 020 | _a9693512316 | ||
| 025 | _aP-E-2001288025; 07; 12 | ||
| 035 | _a(DLC) 200128802 | ||
| 040 |
_aDLC _cDLC _dDLC |
||
| 042 | _alcode | ||
| 043 | _aa-pk--- | ||
| 050 | 0 | 0 |
_aDS392.N68 _bD36 2001 |
| 082 |
_a954.9122 _bDAN |
||
| 100 | 1 |
_aDani, Ahmad Hasan. _93723 |
|
| 245 | 1 | 0 |
_aHistory of Northern Areas of Pakistan : _bupto 2000 A.D. / _cAhmad Hasan Dani. |
| 250 | _aRev. 1st ed. [i.e. 3rd ed.] | ||
| 260 |
_aLahore : _bSang-e-Meel Publcations, _c2001. |
||
| 300 |
_a476, 63 p. : _bill. some col., maps ; _c25 cm. |
||
| 504 | _aIncludes bibliographical references (p. [436]-454) and index. | ||
| 651 | 0 |
_aNorthern Areas (Pakistan) _xHistory. _93725 |
|
| 906 |
_a7 _bcbc _corigode _d3 _encip _f20 _gy-gencatlg |
||
| 942 |
_2ddc _cBK |
||